000 01032naa a22002777a 4500
001 BR7903744
003 BR-BrBNA
005 20240918174415.0
007 ta
008 230509b bl.||||| |||| 00| 0 por d
040 _aBR-BrBNA
_bpor
_cBiblioteca Nacional de Agricultura
041 _a(Pt)
072 _aF00
_b0336
_b3610
090 _aF00 BR7903744
100 1 _aGazzoni, D.L.
100 1 _aMinor, H.C.
111 1 _a1. Seminario Nacional de Pesquisa de Soja
_cLondrina, PR (Brazil)
_d24 Sep 1978
245 1 _aEfeito do desfolhamento artificial em soja, sobre o rendimento e os seus componentes [Glycine max]
260 3 _aLondrina, PR (Brasil):
_c1979.
500 _aAnais do 1. Seminario Nacional de Pesquisa de Soja Londrina, PR (Brasil): 1979. p. 47-57 (BR7903744-AM)F00
650 _aSOJA
650 _aDESFOLHA ARTIFICIAL
773 0 _tAnais do 1. Seminario Nacional de Pesquisa de Soja
_b
_wF00 BR7903744
_gLondrina, PR (Brasil), 1979. p. 47-57
909 _a202404
_bLucia
_c55
_dLucia Elande
942 _cAM
_2AGRIS
999 _c311034
_d311034